| 000 | 01804nam0a2200361 4500 | ||
|---|---|---|---|
| 001 | RU\NLR\bibl\73917 | ||
| 005 | 20250616100803.0 | ||
| 010 |
_a5-93363-089-0 _9500 |
||
| 021 |
_aRU _b1999-46256 _92283 |
||
| 035 | _a(NLR Aleph) 000072123 | ||
| 090 |
_a398206 _c398206 |
||
| 100 | _a20000310d1999 |||y0rusy50 ca | ||
| 101 | 0 | _arus | |
| 102 | _aRU | ||
| 105 | _aa ||||||||| | ||
| 200 | 1 |
_aФинансовый учет в системе GAAP _eУчеб. пособие _fО.Г. Житлухина, З.В. Садовая, Т.П. Кривец, Е.В. Белик _gМ-во общ. и проф. образования Рос. Федерации, Дальневост. гос. акад. экономики и упр. |
|
| 210 |
_aВладивосток _cИзд-во ДВГАЭУ _d1999 |
||
| 215 |
_a163 с. _cил. _d20 |
||
| 320 | _aБиблиогр.: с. 162 (6 назв.) | ||
| 606 | 0 |
_aGAAP, система бухгалтерского учета _jРуководства, пособия и т.п. для высшей школы _92109716 _3RU\NLR\auth\661275129 |
|
| 606 | 0 |
_aGAAP, система бухгалтерского учета _jУчебные издания для высшей школы _92109716 _3RU\NLR\auth\661275129 |
|
| 686 | _aУ052.9(7США)226я73 | ||
| 700 | 1 |
_4070 _aЖитлухина _bО. Г. _gОльга Геннадьевна _9163354 _3RU\NLR\AUTH\770163398 |
|
| 701 | 1 |
_aСадовая _bЗ. В. _gЗинаида Васильевна _4070 |
|
| 701 | 1 |
_aКривец _bТ. П. _gТамара Павловна _4070 |
|
| 701 | 1 |
_aБелик _bЕ. В. _gЕлена Вениаминовна _4070 |
|
| 801 | 0 |
_aRU _bNLR _c20000310 _gPSBO |
|
| 801 | 1 |
_aRU _bNLR _c20000310 |
|
| 852 |
_aNLR _j99-3/20173 |
||
| 942 | _cBOOK | ||
| 980 | _aNB | ||